[Event "Riga Tech op 5th"]
[Site "Riga"]
[Date "2015.08.12"]
[Round "4"]
[White "Naroditsky, Daniel"]
[Black "Lapshun, Yury"]
[Result "1-0"]
[WhiteElo "2631"]
[BlackElo "2439"]
[PlyCount "89"]
[EventDate "2015.08.10"]
[EventType "swiss"]
[EventRounds "9"]
[EventCountry "LAT"]
[SourceTitle "CBM 167 Extra"]
[Source "ChessBase"]
[SourceDate "2015.09.14"]
[SourceVersion "1"]
[SourceVersionDate "2015.09.14"]
[SourceQuality "1"]

1. d4 Nf6 2. c4 e6 3. Nc3 Bb4 4. f3 d5 5. a3 Bxc3+ 6. bxc3 c5 7. cxd5 exd5 8. e3 0-0 9. Bd3 b6 10. Ne2 Ba6 11. 0-0 Bxd3 12. Qxd3 Nbd7 13. Ng3 Re8 14. Bb2 Rc8 15. Rae1 Qc7 16. Re2 Nf8 17. e4 Ng6 18. Qd2 Nf4 19. Ref2 cxd4 20. cxd4 N6h5 21. Nxh5 Nxh5 22. e5 g6 23. g4 Ng7 24. f4 Qe7 25. f5 gxf5 26. gxf5 Qh4 27. Rf4 Qh5 28. Qg2 Kh8 29. Kh1 Rg8 30. Qf2 Ne8 31. Bc1 Rg4 32. e6 Nf6 33. Rxg4 Qxg4 34. Bf4 Ne4 35. Qg1 Rg8 36. Qxg4 Rxg4 37. h3 Rg7 38. f6 Rg8 39. e7 h5 40. Rg1 Rc8 41. Be5 b5 42. Rg7 Rc1+ 43. Kg2 Rc2+ 44. Kf3 Rc8 45. Kf4 1-0